Modeling and simulation of aerospace vehicle dynamics / (Record no. 23650)

000 -LEADER
fixed length control field 01378cam a2200325 a 4500
001 - CONTROL NUMBER
control field 14695939
003 - CONTROL NUMBER IDENTIFIER
control field NUST
005 - DATE AND TIME OF LATEST TRANSACTION
control field 20170531115353.0
008 - FIXED-LENGTH DATA ELEMENTS--GENERAL INFORMATION
fixed length control field 070112s2007 vaua b 001 0 eng
010 ## - LIBRARY OF CONGRESS CONTROL NUMBER
LC control number 2007001438
020 ## - INTERNATIONAL STANDARD BOOK NUMBER
International Standard Book Number 9781563478758 (alk. paper)
020 ## - INTERNATIONAL STANDARD BOOK NUMBER
International Standard Book Number 1563478757 (alk. paper)
035 ## - SYSTEM CONTROL NUMBER
System control number (OCoLC)ocm78072255
035 ## - SYSTEM CONTROL NUMBER
System control number (OCoLC)78072255
040 ## - CATALOGING SOURCE
Original cataloging agency DLC
Transcribing agency RCMS
Modifying agency YDX
-- BAKER
-- BTCTA
-- YDXCP
-- DLC
050 00 - LIBRARY OF CONGRESS CALL NUMBER
Classification number TL573
Item number .Z64 2007
082 00 - DEWEY DECIMAL CLASSIFICATION NUMBER
Classification number 629.1/1 ZIP
Edition number 23
100 1# - MAIN ENTRY--PERSONAL NAME
Personal name Zipfel, Peter H.
9 (RLIN) 1706
245 10 - TITLE STATEMENT
Title Modeling and simulation of aerospace vehicle dynamics /
Statement of responsibility, etc. Peter H. Zipfel.
250 ## - EDITION STATEMENT
Edition statement 2nd ed.
260 ## - PUBLICATION, DISTRIBUTION, ETC.
Place of publication, distribution, etc. Reston, Va. :
Name of publisher, distributor, etc. American Institute of Aeronautics and Astronautics,
Date of publication, distribution, etc. c2007.
300 ## - PHYSICAL DESCRIPTION
Extent xxii, 567 p. :
Other physical details ill. ;
Dimensions 24 cm.
440 #0 - SERIES STATEMENT/ADDED ENTRY--TITLE
Title AIAA education series
9 (RLIN) 1422
504 ## - BIBLIOGRAPHY, ETC. NOTE
Bibliography, etc. note Includes bibliographical references and index.
538 ## - SYSTEM DETAILS NOTE
Display text Shelf No 1 Row No 2
650 #0 - SUBJECT ADDED ENTRY--TOPICAL TERM
Topical term or geographic name entry element Aerodynamics
General subdivision Mathematics.
9 (RLIN) 1707
650 #0 - SUBJECT ADDED ENTRY--TOPICAL TERM
Topical term or geographic name entry element Airplanes
General subdivision Mathematical models.
9 (RLIN) 1708
650 #0 - SUBJECT ADDED ENTRY--TOPICAL TERM
Topical term or geographic name entry element Space vehicles
General subdivision Dynamics
-- Mathematical models.
9 (RLIN) 1709
856 41 - ELECTRONIC LOCATION AND ACCESS
Materials specified Table of contents only
Uniform Resource Identifier <a href="http://www.loc.gov/catdir/toc/ecip078/2007001438.html">http://www.loc.gov/catdir/toc/ecip078/2007001438.html</a>
906 ## - LOCAL DATA ELEMENT F, LDF (RLIN)
a 7
b cbc
c orignew
d 1
e ecip
f 20
g y-gencatlg
942 ## - ADDED ENTRY ELEMENTS (KOHA)
Source of classification or shelving scheme
Koha item type Book
Holdings
Withdrawn status Lost status Source of classification or shelving scheme Damaged status Not for loan Permanent Location Current Location Shelving location Date acquired Total Checkouts Full call number Barcode Date last seen Price effective from Koha item type Total Renewals Date last checked out
          Central Library (CL) Central Library (CL) General Stacks 12/20/2013   629.132ZIP RCMS000571 12/20/2013 12/20/2013 Book    
          Central Library (CL) Central Library (CL) General Stacks 12/20/2013 1 629.132ZIP RCMS002323 01/15/2023 12/20/2013 Book 3 09/09/2022
© 2023 Central Library, National University of Sciences and Technology. All Rights Reserved.